| 000 | 00866nam a22002297a 4500 | ||
|---|---|---|---|
| 001 | 5583 | ||
| 003 | FISKH | ||
| 005 | 20241219092522.0 | ||
| 008 | 241219b cb ||||| |||| 00| 0 eng d | ||
| 020 | _a9780753720929 | ||
| 040 |
_aFISKH _beng _cFISKH _dFISKH |
||
| 082 | _a032.02 | ||
| 100 | _aUkazan, Ne | ||
| 245 |
_aTell me how? : _banswers to hundreds of questions! / _cby Ne Ukazan |
||
| 250 | _aFirst published in 2001 | ||
| 260 |
_aLondon : _bOctopus Publishing Group Ltd ; _c2001. |
||
| 300 |
_a207 pages : _bcolor illustrations , maps ; _c24 cm . |
||
| 520 | _aTell Me How provides fascinating answers to stunning questions which can provide teasing quiz questions, settle arguments and assist with school projects. It is an intriguing reference book for the whole family. | ||
| 650 |
_alandform _vNon-fiction |
||
| 942 |
_2ddc _cBK _n0 |
||
| 999 |
_c5583 _d5583 |
||